000 00417nam a2200181Ia 4500
008 240510s9999 xx 000 0 und d
041 _aEng
082 _a516.219
082 _bC59
100 _aCOX D.R. , :MILLER H.D.
245 4 _aTHE THEORY OF STOCHASTIC PROCESSES
260 _bMETHUEN : LONDON
260 _c1970
300 _a398 p.
650 _aSTOCHASTIC PROCESSES
942 _2ddc
942 _cLBK
999 _c23785
_d23785
945 _a1
_bMadushi Gamage
_c1
_dMadushi Gamage